Normal view
MARC view
- Khaw, Peng Tee
Entry Personal Name
001 - CONTROL NUMBER
- control field: 133418
003 - CONTROL NUMBER IDENTIFIER
- control field: NUST
005 - DATE AND TIME OF LATEST TRANSACTION
- control field: 20260224112256.0
008 - FIXED-LENGTH DATA ELEMENTS
- fixed length control field: 260224|| aca||aabn | a|a d
040 ## - CATALOGING SOURCE
- Original cataloging agency: NUST
- Transcribing agency: NUST
100 ## - HEADING--PERSONAL NAME
- Personal name: Khaw, Peng Tee
670 ## - SOURCE DATA FOUND
- Source citation: Work cat.: (NUST): Khaw, Peng Tee , ABC of eyes /, 1991.
